Mis clases de economía...y algo más: microeconomía - macroeconomía

Salvato in:
Dettagli Bibliografici
Autore principale: Massad Abud, Carlos (autor)
Natura: Libro
Lingua:spagnolo
Pubblicazione: Santiago Universitaria 2013
Edizione:1a. ed
Soggetti:
Tags: Aggiungi Tag
Nessun Tag, puoi essere il primo ad aggiungerne!!

MARC

LEADER 00000cam a2200000 a 4500
001 UCD5784
003 CL-VaPUC
008 161007e20130000cl |||||||||||||||||spa|d
020 |a 9789561124011 
082 0 4 |a 330  |b MAS  |2 21 
100 |a Massad Abud, Carlos  |e autor  |9 589540 
245 1 0 |a Mis clases de economía...y algo más: microeconomía - macroeconomía 
250 |a 1a. ed 
300 |a 460 p 
942 |c BK 
945 |d 20161007 09:49:00  |a dcastane 
260 |a Santiago  |b Universitaria  |c 2013 
650 0 |a Economía   |9 255568 
650 0 |a Macroeconomía   |9 260301 
650 0 |a Microeconomía  |9 258126 
583 |a last modification  |c 20161007 09:49:00  |k Rodrigo Vera 
999 |c 366336  |d 366334 
952 |0 0  |1 0  |3 erb  |4 0  |6 330_000000000000000_MAS_2013  |7 0  |8 A  |9 480520  |a BIBCUR  |b BIBCUR  |i 534476K  |o 330 MAS 2013  |p 534476K  |r 2025-04-22  |w 2019-11-24  |y BK  |z Catalogado en:20161007  |k PER 
952 |0 0  |1 0  |3 erb  |4 0  |6 330_000000000000000_MAS_2013  |7 0  |8 A  |9 480521  |a BIBCUR  |b BIBCUR  |i 5436125  |o 330 MAS 2013  |p 5436125  |r 2025-04-22  |w 2019-11-24  |y BK  |z Catalogado en:20171117  |k PER